00528 2200169 4500001002100000008004100021035002000062245007900082100004600161260002800207300001200235020001800247084001600265082000800281650005100289990001800340INLIS000000000000666 ind  a0010-0724000666 aPenelitian Tindakan Kelas (PTK)cKasihani kasbolah E.S, I wayan sukarnyana aKasihani kasbolah E.S, I wayan sukarnyana aMalangbUM Malangc2006 a114 hlm a979-495-478-0 a371.3 KAS p a371 aInstitusi Pendidikan, Sekolah dan Aktifitasnya aP29/CP/24/666